Taylor Swift - Devine la chanson sans indices #63 - Statistiques

Statistiques générales
  • Ce quiz a été pris 230 fois
  • Le résultat moyen est 231 sur 381
Statistiques - réponses
Réponse % Correct
I
100%
a
99%
you
98%
You
98%
Oh,
95%
oh
95%
the
94%
The
94%
me
91%
your
90%
an
89%
it
89%
love
87%
to
87%
To
87%
be
86%
in
85%
And
84%
and
84%
My
83%
my
83%
Who
82%
you're
82%
then
81%
is
80%
on
80%
that
80%
was
80%
when
80%
I'm
77%
it's
77%
were
77%
are
76%
so?
75%
So
75%
go
74%
they
74%
too
74%
Don't
73%
don't
73%
this
73%
all
72%
All
72%
can"
70%
of
69%
know
68%
think
68%
with?
67%
like
66%
But
65%
by
63%
see
63%
why
62%
at
61%
young
61%
young?
61%
I'll
59%
now
58%
now,
58%
could
55%
Never
55%
said
55%
as
54%
girl
53%
Dear
52%
how
52%
John,
52%
John
52%
loved
52%
'Cause
51%
gone
51%
have
51%
out
45%
should've
45%
up
45%
Well,
45%
you'll
45%
get
44%
way
44%
dress,
43%
dress
43%
back
41%
day
41%
look
41%
known
40%
you've
40%
home
39%
nights
39%
Long
38%
long
38%
messed
38%
them
38%
Or
35%
whole
35%
every
34%
over
34%
"Run
34%
run
34%
let
33%
cried
32%
sorry
32%
expert
31%
fast
31%
take
31%
played
30%
days
29%
away
28%
game
28%
eyes
27%
give
27%
keeping
27%
took
27%
before
26%
blurry
26%
girls
26%
lines
26%
mind
26%
sad
26%
twisted
26%
won't
26%
wrong
26%
again
25%
blue
25%
games
25%
song
25%
around
24%
dark,
24%
nineteen's
24%
sky
24%
town
24%
empty
23%
fall
23%
once
23%
phone
23%
mother
22%
need
22%
impressed
21%
through
21%
understand
21%
fire
20%
list
20%
maybe
20%
name
20%
turn
20%
which
20%
changed
19%
fine
19%
fireworks
19%
rules
19%
sick
19%
add
18%
blame
18%
lived
18%
losing
18%
regret
18%
revolved
18%
shining
18%
swore
18%
accused
17%
acing
17%
burned
16%
catch
16%
ignored
16%
might
16%
rain
16%
tests
16%
chess
15%
matches
15%
picking
15%
stopped
15%
tonight
15%
traitors
15%
version
15%
Wondering
15%
wrote
15%
blind
14%
paint
14%
floor
13%
Praying
13%
dry
12%
optimism
12%
tired
12%
Counting
11%
footsteps
11%
lifeless
9%
Aucun quiz correspondant
Distribution des résultats
% des personnes avec chaque résultat
Percentile par nombre de réponses
Votre historique - résultats
Vous n’avez pas pris ce quiz